000 00490nam a2200205Ia 4500
008 170918s9999 xx 000 0 und d
020 _a9780590464642
050 _bE532 1990
100 _aEmberley, Rebecca
245 _aTaking a walk :
245 _ba book in two languages /
245 _cRebecca Emberley.
260 _aNew York :
260 _bScholastic,
260 _c1990
300 _aunpaged :
300 _bcolored illustration ;
300 _c23cm.
500 _aBR
999 _c340971
_d340971